00321nam a2200097Ia 4500008004100000245006200041245003800103260000900141650002500150856004800175171204s9999 xx 000 0 und d aHollywood's America : Understanding History Through Film: cRandy W. Roberts and Steven Mintz c2016 xINTRODUCTION TO FILM uhttp://down.ebook777.com/040/1118976495.pdf